000
00210 a2200097 4500
001
42612
100
_a
Pugh
245
_a
Fighting vehicles and weapon
260
_a
London
_b
MacDonald
_c
090
_c
26510
_d
26510
942
_a
NUST-CAE
_c
M
_c
18348
999
_c
277685
_d
277685